000 00749nam a2200205Ia 4500
003 GCL
005 20240530105344.0
008 140319s9999 xx 000 0 ara d
040 _aGCL /
_cGCL
082 0 4 _a362.042
_bم م
100 0 _aمحمد سلامة محمد عبارى
245 1 0 _aالمدخل الى علاج المشكلات الاجتماعية الفردية (خدمة الفرد) /
_cمحمد سلامة محمد غبارى
260 _a[S.N] :
_bالمكتب الجامعى الحديث ،
_c1981
300 _a272
490 _aكتب الخدمة الاجتماعية
_v0
650 0 4 _aخدمة الفرد
650 0 4 _aالخدمة الاجتماعية
650 0 4 _aالارشاد الاجتماعى
942 _2ddc
_cBK
999 _c55250
_d55250